LEADER 01060nam0-2200361---450- 001 990008092500403321 005 20080520130419.0 010 $a90-04-11275-8 035 $a000809250 035 $aFED01000809250 035 $a(Aleph)000809250FED01 035 $a000809250 100 $a20050419d2003----km-y0itay50------ba 101 0 $aeng 102 $aNL 105 $ay-------001yy 200 1 $aGreek and Roman historiography in late antiquity$efourth to six century A.D.$fedited by Gabriele Marasco 210 $aLeiden$aBoston$cBrill$d2003 215 $aVIII, 540 p.$d25 cm 610 0 $aStoriografia$aRoma 676 $a930.07$v21$zita 702 1$aMarasco,$bGabriele 801 0$aIT$bUNINA$gRICA$2UNIMARC 901 $aBK 912 $a990008092500403321 952 $aDDR-XXVI Ba 155$b8256 ddr$fDDR$m21-5941 952 $a930.07 MAR 1$bBibl.55651$fFLFBC 952 $aXXIII B 65$b2007$fNAP02 959 $aDDR 959 $aFLFBC 959 $aNAP02 996 $aGreek and roman historiography in late antiquity$9280906 997 $aUNINA LEADER 01900nam2 22003853i 450 001 MIL0148409 005 20251003044226.0 020 $aIT$b92-8727 100 $a19990317d1991 ||||0itac50 ba 101 | $aita 102 $ait 181 1$6z01$ai $bxxxe 182 1$6z01$an 183 1$6z01$anc$2RDAcarrier 200 1 $aˆ2: Il ‰Novecento$fdi Alberto Cova 210 $aMilano$cCariplo$aRoma [etc.]$cLaterza$d[1991] 215 $aVIII, 327 p.$cill.$d24 cm 461 1$1001MIL0148401$12001 $aˆLa ‰Cassa di risparmio delle provincie lombarde dalla fondazione al 1940$e finanza e sviluppo economico-sociale$fAlberto Cova, Anna Maria Galli$v2 606 $aBanche$xItalia$xLegislazione$2FIR$3UFIC029622$9I 606 $aCassa di risparmio delle provincie lombarde$x1900-1940$2FIR$3LO1C560790$9I 676 $a332.0945$9ECONOMIA FINANZIARIA. Italia$v23 676 $a332.2109452$9ISTITUTI BANCARI SPECIALIZZATI. CASSE DI RISPARMIO. LOMBARDIA$v20 696 $aIstituti di credito$aSistemi bancari$aBanchi $aIndustria bancaria 699 $aBanche$yIstituti di credito 699 $aBanche$ySistemi bancari 699 $aBanche$yBanchi 699 $aBanche$yIndustria bancaria 700 1$aCova$b, Alberto$f <1932- >$3CFIV003102$4070$0119739 801 3$aIT$bIT-000000$c19990317 850 $aIT-BN0095 $aIT-NA0095 $aIT-NA0097 912 $aMIL0148409 950 2$aBiblioteca Centralizzata di Ateneo$cv. 1-4$d 01POZZO LIB.ECON MON 6470$e 0101 0700140585E VMA (0002 v. 2 (Precedente collocazione 14 Ec 058)$fB $h20220715$i20220715$cv. 1-4$d 01POZZO LIB.DONI DEMM 380$e 01 0000092915E VMA (0002 v. 2$fB $h20221129$i20231019 977 $a 01$a SB$a SP 996 $aNovecento$92898967 997 $aUNISANNIO